Sports Quiz

Random Sports or Football Quiz

AFL Premiers Quiz Stats

 Plays Quiz not verified by Sporcle

Support Sporcle.
Go Orange.
Score 0/20 Timer 08:00
0 Plays Today
% Correct
Brisbane lions
92.8%
Geelong cats
92.7%
Brisbane lions
92.5%
Geelong cats
92.4%
Sydney swans
92.2%
Brisbane lions
92.2%
West Coast eagles
92.1%
Hawthorn hawks
91.9%
Port Adelaide power
90%
Essendon bombers
88.6%
% Correct
Collingwood magpies
87.3%
North Melbourne Kangaroos
83.2%
Adelaide crows
82.6%
Adelaide crows
81.9%
West Coast eagles
80.5%
Hawthorn hawks
79.6%
Carlton blues
79%
Essendon bombers
78.4%
North Melbourne kangaroos
78.4%
West Coast eagles
78.2%

You're not logged in!

Compare scores with friends on all Sporcle quizzes.
OR
Log In

From the Vault

Oscar Nominees (2010)

by rockgolf

It's less important to be the nominee than it is to see what kind of awesome schwag you get for attending the ceremonies.
Remove Ads.
Support Sporcle.
Get the best of Sporcle when you Go Orange. This ad-free experience offers more features, more stats, and more fun while also helping to support Sporcle. Thank you for becoming a member.

Show Comments

Extras

Top Quizzes Today


Score Distribution

Your Account Isn't Verified!

In order to create a playlist on Sporcle, you need to verify the email address you used during registration. Go to your Sporcle Settings to finish the process.

Report this User

Report this user for behavior that violates our Community Guidelines.

Details: